Schaum's outline of theory and problems of optics / (Record no. 58701)

MARC details
000 -LEADER
fixed length control field 01283nam a22003257a 4500
005 - DATE AND TIME OF LATEST TRANSACTION
control field 20111125105735.0
008 - FIXED-LENGTH DATA ELEMENTS--GENERAL INFORMATION
fixed length control field 111125t xxu||||| |||| 00| 0 eng d
010 ## - LCCN (DPL NO)
LC control number ENG-104200
020 ## - INTERNATIONAL STANDARD BOOK NUMBER
International Standard Book Number 9780071321167
Terms of availability 350.00
020 ## - INTERNATIONAL STANDARD BOOK NUMBER
International Standard Book Number 0071321160
Terms of availability 350.00
035 ## - SYSTEM CONTROL NUMBER
System control number EN-87733
037 ## - SOURCE OF ACQUISITION
Source of stock number/acquisition DBAD/PUB
040 ## - CATALOGING SOURCE
Original cataloging agency DPL
Language of cataloging Eng
082 00 - DEWEY DECIMAL CLASSIFICATION NUMBER
Classification number 535
100 1# - MAIN ENTRY--PERSONAL NAME
Personal name Hecht, Eugene
9 (RLIN) 36168
245 10 - TITLE STATEMENT
Title Schaum's outline of theory and problems of optics /
Statement of responsibility, etc by Eugene Hecht
260 ## - PUBLICATION, DISTRIBUTION, ETC. (IMPRINT)
Place of publication, distribution, etc New Delhi
Name of publisher, distributor, etc Tata McGraw-Hill
Date of publication, distribution, etc 2011
270 ## - ADDRESS
Address 7 West Patel Nagar
City New Delhi
Postal code 110008
300 ## - PHYSICAL DESCRIPTION
Extent 242p. :
Other physical details ill.
Dimensions 28cm (pbk)
490 0# - SERIES STATEMENT
Series statement Schaum's outline series
-- 36169
500 ## - GENERAL NOTE
General note Includes index
650 #0 - SUBJECT ADDED ENTRY--TOPICAL TERM
Topical term or geographic name as entry element Optics
9 (RLIN) 36170
650 #0 - SUBJECT ADDED ENTRY--TOPICAL TERM
Topical term or geographic name as entry element Optics
General subdivision Problems, exercises, etc.
9 (RLIN) 36171
740 ## - ADDED ENTRY--UNCONTROLLED RELATED/ANALYTICAL TITLE
Uncontrolled related/analytical title Theory and problems of optics.
856 42 - ELECTRONIC LOCATION AND ACCESS
Materials specified Publisher description
Uniform Resource Identifier <a href="http://www.loc.gov/catdir/description/mh031/74032228.html">http://www.loc.gov/catdir/description/mh031/74032228.html</a>
856 41 - ELECTRONIC LOCATION AND ACCESS
Materials specified Table of contents
Uniform Resource Identifier <a href="http://www.loc.gov/catdir/toc/mh021/74032228.html">http://www.loc.gov/catdir/toc/mh021/74032228.html</a>
856 42 - ELECTRONIC LOCATION AND ACCESS
Materials specified Contributor biographical information
Uniform Resource Identifier <a href="http://www.loc.gov/catdir/enhancements/fy0735/74032228-b.html">http://www.loc.gov/catdir/enhancements/fy0735/74032228-b.html</a>
942 ## - ADDED ENTRY ELEMENTS (KOHA)
Source of classification or shelving scheme Dewey Decimal Classification
Item type English Books
Classification part 535
Call number suffix HEC
Holdings
Withdrawn status Lost status Source of classification or shelving scheme Damaged status Not for loan Collection code Home library Current library Date acquired Source of acquisition Cost, normal purchase price Total Checkouts Full call number Barcode Date last seen Copy number Cost, replacement price Koha item type
    Dewey Decimal Classification   Not For Loan Non-fiction D.B.Act.Division D.B.Act.Division 25/11/2011 DBAD/PUB 350.00   535 HEC EN-87733 25/11/2011 1 350.00 English Books

© Delhi Public Library
Hit Counter
free hit counter